Four-Letter Street Suffixes Quiz Stats

 Plays Quiz Updated Jul 6, 2016

Also try: Street Suffixes
Challenge
Share
Tweet
Embed
Score 0/43 Timer 06:00
4 Plays Today
Answer % Correct
Road
86.4%
Lane
74.9%
Park
42.8%
Hill
37.7%
Lake
32.9%
Path
25.6%
Ways
24.4%
Land
20.5%
Dale
19.7%
Walk
18.3%
Bend
18.2%
Cove
16.8%
Pass
16.8%
Port
15.2%
Mall
14.1%
Mill
13.7%
Glen
12.9%
View
12.8%
Fort
12.8%
Ford
12.2%
Wall
12.1%
Isle
11.8%
Answer % Correct
Pike
11.8%
Fall
10.5%
Loop
10.3%
Well
10.1%
Pine
9.1%
Mews
8.1%
Fork
8%
Keys
7.9%
Cape
7.9%
Anex
7.7%
Camp
7.5%
Burg
6.8%
Oval
6.4%
Ramp
5.8%
Flat
5.5%
Lock
5.1%
Rest
4.4%
Club
4.4%
Neck
4.1%
Loaf
3.8%
Spur
3.7%

You're not logged in!

Compare scores with friends on all Sporcle quizzes.
OR
Log In

You Might Also Like...

Show Comments

Extras

Top Quizzes Today


Score Distribution

Your Account Isn't Verified!

In order to create a playlist on Sporcle, you need to verify the email address you used during registration. Go to your Sporcle Settings to finish the process.

Report this User

Report this user for behavior that violates our Community Guidelines.

Details: